Výpočet zmluvnej marže za poskytnuté služby pre potreby IFRS17 v životnom poistení v softvéri Prophet diplomová práca

Salvato in:
Dettagli Bibliografici
Autore principale: Takáč, Richard
Ente Autore: Fakulta hospodárskej informatiky EU. Katedra matematiky a aktuárstva
Altri autori: Krčová, Ingrid, 1969-
Natura: Libro
Lingua:slovacco
Pubblicazione: Bratislava 2024
Tags: Aggiungi Tag
Nessun Tag, puoi essere il primo ad aggiungerne!!

MARC

LEADER 00000nbm a2200000 4500
001 0301117
005 20260126142556.2
041 0 |a slo 
044 |a SK 
245 1 0 |a Výpočet zmluvnej marže za poskytnuté služby pre potreby IFRS17 v životnom poistení v softvéri Prophet  |b diplomová práca  |c Richard Takáč ; školiteľ: Ingrid Krčová 
264 1 |a Bratislava  |c 2024 
300 |a 94 s. 
100 1 |a Takáč, Richard 
700 1 |a Krčová, Ingrid, 1969- 
710 2 |a Fakulta hospodárskej informatiky EU. Katedra matematiky a aktuárstva